ARRUPE JESUIT UNIVERSITY

CORONAVIRUS -STOP THE SPREAD - CLEAN,DISINFECT,COVER

A Jesuit education reader / (Record no. 121116)

MARC details
000 -LEADER
fixed length control field 01186cam a2200337 a 4500
001 - CONTROL NUMBER
control field 15132303
003 - CONTROL NUMBER IDENTIFIER
control field ARRUPE
005 - DATE AND TIME OF LATEST TRANSACTION
control field 20150425020008.0
008 - FIXED-LENGTH DATA ELEMENTS--GENERAL INFORMATION
fixed length control field 080109s2008 ilu b 000 0 eng
010 ## - LIBRARY OF CONGRESS CONTROL NUMBER
LC control number 2008000642
020 ## - INTERNATIONAL STANDARD BOOK NUMBER
International Standard Book Number 9780829427226
020 ## - INTERNATIONAL STANDARD BOOK NUMBER
International Standard Book Number 0829427228
035 ## - SYSTEM CONTROL NUMBER
System control number (OCoLC)190875837
035 ## - SYSTEM CONTROL NUMBER
System control number (OCoLC)ocn190875837
040 ## - CATALOGING SOURCE
Original cataloging agency DLC
Transcribing agency DLC
Modifying agency YDX
-- BAKER
-- BTCTA
-- YDXCP
-- DLC
043 ## - GEOGRAPHIC AREA CODE
Geographic area code n-us---
050 00 - LIBRARY OF CONGRESS CALL NUMBER
Classification number LC493
Item number .J388 2008
082 00 - DEWEY DECIMAL CLASSIFICATION NUMBER
Classification number 371.071/2
Edition number 22
300 ## - PHYSICAL DESCRIPTION
Dimensions 23 cm.
245 02 - TITLE STATEMENT
Title A Jesuit education reader /
Statement of responsibility, etc edited by George W. Traub.
260 ## - PUBLICATION, DISTRIBUTION, ETC. (IMPRINT)
Place of publication, distribution, etc Chicago, Ill. :
Name of publisher, distributor, etc Loyola Press,
Date of publication, distribution, etc c2008.
300 ## - PHYSICAL DESCRIPTION
Extent xv, 432 p. ;
504 ## - BIBLIOGRAPHY, ETC. NOTE
Bibliography, etc Includes bibliographical references.
610 20 - SUBJECT ADDED ENTRY--CORPORATE NAME
Corporate name or jurisdiction name as entry element Jesuits
General subdivision Education.
9 (RLIN) 12163
610 20 - SUBJECT ADDED ENTRY--CORPORATE NAME
Corporate name or jurisdiction name as entry element Jesuits
Geographic subdivision United States.
9 (RLIN) 12164
610 20 - SUBJECT ADDED ENTRY--CORPORATE NAME
Corporate name or jurisdiction name as entry element Catholic Church
General subdivision Education
Geographic subdivision United States.
9 (RLIN) 11885
700 1# - ADDED ENTRY--PERSONAL NAME
Personal name Traub, George W.
9 (RLIN) 12165
856 41 - ELECTRONIC LOCATION AND ACCESS
Materials specified Table of contents only
Uniform Resource Identifier <a href="http://www.loc.gov/catdir/toc/ecip088/2008000642.html">http://www.loc.gov/catdir/toc/ecip088/2008000642.html</a>
906 ## - LOCAL DATA ELEMENT F, LDF (RLIN)
a 7
b cbc
c orignew
d 1
e ecip
f 20
g y-gencatlg
942 ## - ADDED ENTRY ELEMENTS (KOHA)
Source of classification or shelving scheme Library of Congress Classification
Koha item type Monograph ( Printed materials)
Koha issues (borrowed), all copies 3
Holdings
Withdrawn status Lost status Source of classification or shelving scheme Damaged status Not for loan Collection code Home library Current library Shelving location Date acquired Total Checkouts Full call number Barcode Date last seen Date checked out Price effective from Koha item type Checked out
    Library of Congress Classification     Main Collection ARRUPE LIBRARY ARRUPE LIBRARY Main Collection 17/10/2014 20 LC493 .J388 2008 46500003776 26/05/2020 12/03/2020 17/10/2014 Monograph ( Printed materials)  
    Library of Congress Classification     Main Collection ARRUPE LIBRARY ARRUPE LIBRARY Main Collection 17/10/2014 12 LC493 .J388 2008 46500003777 21/04/2026 21/04/2026 17/10/2014 Monograph ( Printed materials) 05/05/2026

 

Arrupe Library. PO Box MP320 Mt Pleasant, Harare, Zimbabwe
263 242 745411|librarian@aju.ac.zw